| 000 | 00437nam a22001697a 4500 | ||
|---|---|---|---|
| 005 | 20170925143639.0 | ||
| 008 | 160520b xxu||||| |||| 00| 0 eng d | ||
| 020 | _a978-93-9216-131-7 | ||
| 041 | _aeng | ||
| 082 | _b660 | ||
| 100 |
_aJain P.C. & Jain Monika _9885 |
||
| 245 | _aEngineering Chemistry | ||
| 260 |
_aNew Delhi _bDhanpat Rai Publising Co. Pvt. Ltd. |
||
| 300 | _a1404 | ||
| 650 |
_aDIPLOMA ENGINEERING _9817 |
||
| 942 | _cBK | ||
| 999 |
_c1213 _d1213 |
||